01017nam a2200229 i 4500001000700000003000900007005001700016007000300033008004100036100003000077245012400107260005900231300003500290505013100325596004500456650003000501700004300531700005000574852002300624999001900647952012100666114645ES-MaACL20250815062535.0t|070316s1907 sp ||||1| spa d1 aReclus, Onésime.99577710aNovísima geografía universal / cOnésimo y Eliseo Reclus ; traducción y prólogo de Vicente Blasco Ibáñez. aMadrid : bLa Editorial Española-Americana, c[1907] a6 v. : bil., mapas ; c22 cm.0 a1. Europa - 2. Asia - 3. África - 4. América del Norte - 5. América Central y del Sur - 6. América del Sur y Oceanía aLa fecha de ed. aparece en los v. 5 y 6.07aGeografía2embne9130701 aReclus, Élisée, d1830-19059957751 aBlasco Ibáñez, Vicente,d1867-1928929388 aES-MaACLjB-957-62 c114645d114645 00104070aATENEOMbATENEOMcSPBd2008-01-17eSCl0oB-957-62p1119556r2023-02-23 00:00:00w2023-02-23yMONOGRAFIA